000 00776nam a2200229Ia 4500
001 17636
003 GE_BSU
008 181216s||||||||xx |||||||||||||| ||und||
040 _cGE_BSU
080 _a821.353.1-32
100 _aლანჩავა, თეიმურაზ
245 _aზამთრის თეთრი მერცხლები
245 _bმოთხრობები
245 _cრედ.:ზურაბ კუხიანიძე;მხატვ.:გურამ დოლენჯიშვილი
260 _aთბილისი
260 _bსაბჭ.საქართველო
260 _c1985
300 _a259გვ.;20სმ
300 _eილ.
653 _aმოთხრობები
942 _cBK
999 _c50685
_d50685